<?xml version="1.0" encoding="UTF-8"?>
<record
    xmlns:xsi="http://www.w3.org/2001/XMLSchema-instance"
    xsi:schemaLocation="http://www.loc.gov/MARC21/slim http://www.loc.gov/standards/marcxml/schema/MARC21slim.xsd"
    xmlns="http://www.loc.gov/MARC21/slim">

  <leader>00570nam a22001937a 4500</leader>
  <controlfield tag="001">2791</controlfield>
  <controlfield tag="003">HMS</controlfield>
  <controlfield tag="005">20260410120635.0</controlfield>
  <controlfield tag="008">250930e2000    spaaco|gr|||| 001 0 spa  </controlfield>
  <datafield tag="020" ind1=" " ind2=" ">
    <subfield code="a"> </subfield>
  </datafield>
  <datafield tag="040" ind1=" " ind2=" ">
    <subfield code="a">hms</subfield>
    <subfield code="b">spa</subfield>
    <subfield code="c">hms</subfield>
  </datafield>
  <datafield tag="082" ind1="0" ind2="4">
    <subfield code="a">759.5 S421</subfield>
  </datafield>
  <datafield tag="100" ind1="1" ind2=" ">
    <subfield code="a">Scobry-Leacey, Dominique</subfield>
    <subfield code="e">autora</subfield>
    <subfield code="9">4319</subfield>
  </datafield>
  <datafield tag="245" ind1="1" ind2="3">
    <subfield code="a">El Barroco en los Andes /</subfield>
    <subfield code="c">Dominique Scobry-Leacey</subfield>
    <subfield code="h">[libro]</subfield>
  </datafield>
  <datafield tag="260" ind1=" " ind2=" ">
    <subfield code="a">[Lima, Per&#xFA;]: </subfield>
    <subfield code="b">s/i,</subfield>
    <subfield code="c">2000</subfield>
  </datafield>
  <datafield tag="300" ind1=" " ind2=" ">
    <subfield code="a">103 p&#xE1;ginas :</subfield>
    <subfield code="b">ilustraciones ;</subfield>
    <subfield code="c"> 33 cm.</subfield>
  </datafield>
  <datafield tag="650" ind1=" " ind2="7">
    <subfield code="a">Arte barroco</subfield>
    <subfield code="z">Los Andes, Regi&#xF3;n Andina</subfield>
    <subfield code="9">4320</subfield>
  </datafield>
  <datafield tag="942" ind1=" " ind2=" ">
    <subfield code="2">ddc</subfield>
    <subfield code="c">COL GRAL</subfield>
    <subfield code="n">0</subfield>
  </datafield>
  <datafield tag="999" ind1=" " ind2=" ">
    <subfield code="c">2791</subfield>
    <subfield code="d">2791</subfield>
  </datafield>
  <datafield tag="952" ind1=" " ind2=" ">
    <subfield code="0">0</subfield>
    <subfield code="1">0</subfield>
    <subfield code="2">ddc</subfield>
    <subfield code="4">0</subfield>
    <subfield code="7">0</subfield>
    <subfield code="8">col.gral</subfield>
    <subfield code="a">BHMS</subfield>
    <subfield code="b">BHMS</subfield>
    <subfield code="c">GEN</subfield>
    <subfield code="d">2025-09-05</subfield>
    <subfield code="e">Donaci&#xF3;n</subfield>
    <subfield code="i">001985</subfield>
    <subfield code="l">0</subfield>
    <subfield code="o">759.5 S421 2000</subfield>
    <subfield code="p">001985</subfield>
    <subfield code="r">2025-09-30 11:53:00</subfield>
    <subfield code="t">c.1</subfield>
    <subfield code="w">2025-09-30</subfield>
    <subfield code="y">COL GRAL</subfield>
  </datafield>
</record>
